000
00339nam a22001457a 4500
008
230517b ||||| |||| 00| 0 eng d
020
_a
9780684316017
041
_a
eng
080
_2
VOLUME 4
_a
610.73
082
_a
610.73FER
100
_a
7
101
_a
INF
245
_a
HUMAN DISEASES AND CONDITIONS
_c
FERRARA.H.M
942
_2
udc
_c
BK
999
_c
59763
_d
59763